Partielle differentialgleichungen

Saved in:
Bibliographic Details
Main Author: Hoheisel, G. (Guido), 1894-1968
Format: Book
Language:German
Published: Berlin : W. de Gruyter & co., 1945
Series:Sammlung Goschen ; 1003
Subjects:
Tags: Add Tag
No Tags, Be the first to tag this record!

MARC

LEADER 00000cam a2200000 a 4500
001 1/106593
008 150528s1943####gw | ||| |||| ||ger||
040 |a GR-MyUa  |b gre  |c GR-MyUa  |e AACR2 
041 0 |a ger 
082 7 |a 515.353   |2 (23) 
100 1 |a Hoheisel, G.   |q (Guido),   |d 1894-1968. 
245 1 0 |a Partielle differentialgleichungen /   |c von Guido Hoheisel. 
250 |3 2η έκδ., αναθ.  
260 |a Berlin :   |b W. de Gruyter & co.,   |c 1945 
300 |a 122 σ. ;   |c 16 εκ.  
490 1 |a (Sammlung Goschen)   |v ; 1003 
650 0 |a Differential equations, Partial. 
830 0 |a Sammlung Goschen  |v  ; 1003  
852 |a INST  |b SAMOS  |c MAG  |e 20150528  |h 515.353 HOH  |p 005300034606  |q 005300034606  |t BK  |y 0 
970 |a Σιτζίμη   |b Γιασεμή   |z 2015/05/28